000 00635nam a22001577a 4500
020 _a978-81-85986-00-5
082 _a823
_bNAR/S
100 _aNARAYAN, R K
245 _aSWAMI AND FRIENDS
250 _a1
260 _aMADRAS
_bINDIAN THOUGHT PUBLICATIONS
300 _a216
520 _a Swaminathan is a lazy schoolboy who lives with his father, mother, and grandmother in Malgudi. He attends the Albert Mission School with his friends Samuel, Sankar, Somu, and Mani. The arrival of a new student, Rajam—the son of a wealthy police superintendent—threatens Swami's popularity.
650 _aENGLISH STORY
_zMADRAS
942 _cBK
999 _c6897
_d6897